| 000 | 00511nam a2200169Ia 4500 | ||
|---|---|---|---|
| 020 | _a0080311709(hb) | ||
| 082 |
_a355.02 _bSIM _cDon |
||
| 100 |
_aSimpkin, Richard E. _937913 |
||
| 245 |
_aRace to the Swift: _bthoughts on twenty first century warfare. |
||
| 260 |
_aLondon: _bServices Book Club _c1985 |
||
| 300 | _a345p. | ||
| 526 |
_a0 _b0 _c0 _d355_020000000000000_SIM |
||
| 650 |
_aMilitary Art and Science _937914 |
||
| 650 |
_aTwenty-first Century -- Forcasts _937915 |
||
| 650 | _aWar | ||
| 942 |
_2ddc _cBK |
||
| 999 |
_c542653 _d542653 |
||